Places To Study
There are group study rooms, individual study carrels, computer labs, and other spaces to study in the Libraries.
Reserve A Group Room| 000 -LEADER | |
|---|---|
| fixed length control field | 00837nam a22001697a 4500 |
| 003 - CONTROL NUMBER IDENTIFIER | |
| control field | OSt |
| 005 - DATE AND TIME OF LATEST TRANSACTION | |
| control field | 20250911140126.0 |
| 008 - FIXED-LENGTH DATA ELEMENTS--GENERAL INFORMATION | |
| fixed length control field | 250911b |||||||| |||| 00| 0 eng d |
| 040 ## - CATALOGING SOURCE | |
| Transcribing agency | DCL |
| 082 ## - DEWEY DECIMAL CLASSIFICATION NUMBER | |
| Classification number | ၂၉၄.၃၈၂၄ |
| 100 0# - MAIN ENTRY--PERSONAL NAME | |
| Personal name | ကျော်ထွတ်၊ |
| Titles and words associated with a name | ဦး၊ ဆရာကြီး- |
| 245 10 - TITLE STATEMENT | |
| Title | သဒ္ဓမ္မဇောတိက ပဋိစ္စသမုပ္ပါဒ် / |
| Statement of responsibility, etc. | ဆရာကြီး ဦးကျော်ထွတ်။ |
| 260 ## - PUBLICATION, DISTRIBUTION, ETC. | |
| Place of publication, distribution, etc. | ရန်ကုန် ၊ |
| Name of publisher, distributor, etc. | သာသနာတော်ထွန်းကားပြန့်ပွားရေးဦးစီးဌာန၊ |
| Date of publication, distribution, etc. | ၂၀၀၂။ |
| 300 ## - PHYSICAL DESCRIPTION | |
| Extent | ဩ၊ ၁၇၆ စာမျက်နှာ ၊ |
| Dimensions | ၂၁ စင်တီ။ |
| 650 ## - SUBJECT ADDED ENTRY--TOPICAL TERM | |
| Topical term or geographic name entry element | ပဋိစ္စသမုပ္ပါဒ် |
| 942 ## - ADDED ENTRY ELEMENTS (KOHA) | |
| Source of classification or shelving scheme | Dewey Decimal Classification |
| Koha item type | Long Term |
| Suppress in OPAC | No |
| Withdrawn status | Lost status | Source of classification or shelving scheme | Damaged status | Not for loan | Collection | Accession No. | Home library | Current library | Shelving location | Date acquired | Total checkouts | Full call number | Barcode | Date last seen | Price effective from | Koha item type |
|---|---|---|---|---|---|---|---|---|---|---|---|---|---|---|---|---|
| Dewey Decimal Classification | Myanmar Collection | 2127 | Dhammadhara | Dhammadhara | Myanmar Shelves | 11/09/2025 | ၂၉၄.၃၈၂၄ ကျော် ၂၁၂၇ | MB00002127 | 11/09/2025 | 11/09/2025 | Short Term |